| 000 -ლიდერი |
| ფიქსირებული სიგრძის საკონტროლო ველი |
01380nam a2200289Ia 4500 |
| 001 - საკონტროლო ნომერი |
| საკონტროლო ველი |
20746 |
| 003 - საკონტროლო ნომრის იდენტიფიკატორი |
| საკონტროლო ველი |
GE_BSU |
| 005 - ბოლო ოპერაციის თარიღი და დრო |
| საკონტროლო ველი |
20210319141451.0 |
| 008 - ფიქსირებული სიგრძის მონაცემთა ელემენტები - ზოგადი ინფორმაცია |
| ფიქსირებული სიგრძის საკონტროლო ველი |
181216s2017||||ge |||||||||||||| ||geo|| |
| 020 ## - წიგნის საერთაშორისო სტანდარტული ნომერი |
| International Standard Book Number |
9789941949760 |
| 040 ## - კატალოგიზაციის წყარო |
| Transcribing agency |
GE_BSU |
| 041 ## - ენის კოდი |
| Language code of text/sound track or separate title |
geo |
| 080 ## - უნივერსალური ათობითი კლასიფიკაციის ინდექსი |
| Universal Decimal Classification number |
271.22(479.22)(09) გ-69 |
| 100 ## - მთავარი ჩანაწერი - პიროვნების სახელი |
| Personal name |
გორგაძე, სერგი |
| 9 (RLIN) |
10574 |
| 245 ## - ცნობა სათაურის შესახებ |
| Title |
თხზულებანი : |
| Remainder of title |
ტ.1 / |
| Statement of responsibility, etc |
სერგი გორგაძე ; ზაზა აბაშიძის რედაქციითა და შესავალი წერილით. |
| 264 ## - წარმოების, გამოცემის, დისტრიბუციის და სხვა ცნობები |
| გამოცემის, წარმოების, დისტრიბუციის... ადგილი |
თბილისი : |
| გამოცემის, წარმოების, დისტრიბუციის... სახელწოდება |
[?], |
| გამოცემის, წარმოების, დისტრიბუციის... თარიღი |
2017. |
| 300 ## - ფიზიკური აღწერა |
| Extent |
153 გვ. : |
| Other physical details |
1ფ.სურ. ; |
| Accompanying material |
20 სმ. |
| 546 ## - LANGUAGE NOTE |
| Language note |
ტექსტი რუსულ ენაზე |
| 653 ## - INDEX TERM--UNCONTROLLED |
| Uncontrolled term |
თხზულებანი ტ.1 |
| 653 ## - INDEX TERM--UNCONTROLLED |
| Uncontrolled term |
საქართველოს ეკლესიის ისტორია |
| 653 ## - INDEX TERM--UNCONTROLLED |
| Uncontrolled term |
ფილოსოფიური შრომები |
| 653 ## - INDEX TERM--UNCONTROLLED |
| Uncontrolled term |
ფილოლოგიური შრომები |
| 653 ## - INDEX TERM--UNCONTROLLED |
| Uncontrolled term |
ისტორიული შრომები |
| 710 ## - ADDED ENTRY--CORPORATE NAME |
| Corporate name or jurisdiction name as entry element |
კორნელი კეკელიძის სახელობის საქართველოს ხელნაწერთა ეროვნული ცენტრი |
| 9 (RLIN) |
10266 |
| 942 ## - ADDED ENTRY ELEMENTS (KOHA) |
| Koha item type |
წიგნი |
| Source of classification or shelving scheme |
|